00614 a2200157 4500010001400000020002400014035001300038037001600051082001400067100001800081245017600099260004400275270008800319300002500407700002400432 aENG-88727 c135.00a81831874673 aEN-72260 bDBAD / PUB14a510.246581 aMittal, P. K.1 aBusiness mathematics and statistics-II:bfor IInd year[as per the new syllabus of Council of Higher Secondary Education , Orrisa/cby P.K. Mittal [and] Malay Kumar Mohanty aMumbaibHimalaya Publishing Housec2007 a"Ramdoot", Dr. Bhalerao Marg, (Kelewadi), GirgaonbMumbaie400 004mhimpub@vsnl.com a335 p.c24 cm. (Pbk)1 aMohanty, Maly Kumar